Statistics for Countries by cigarette consumption

Click here to take the quiz!

General Stats

  • This quiz has been taken 253 times
  • The average score is 37 of 54

Answer Stats

RankingNo of cigarettes per adult per yearCountry% Correct
511,028United States
97%
42,786Russia
96%
211,711China
94%
171,841Japan
89%
191,757Spain
89%
451,045Germany
88%
301,475Italy
88%
32,795Greece
86%
351,399Turkey
86%
271,586Poland
84%
401,114Portugal
84%
62,401Ukraine
82%
421,104Egypt
78%
331,404Romania
78%
251,620Serbia
78%
501,034Australia
77%
341,403Slovakia
77%
221,650Austria
76%
241,621Croatia
76%
72,369Slovenia
76%
291,518Hungary
75%
531,006Ireland
75%
461,042Argentina
73%
311,455Belgium
73%
22,822Bulgaria
73%
281,523Estonia
73%
92,266Belarus
72%
122,125Czech Republic
72%
82,278Bosnia and Herzegovina
71%
131,958South Korea
71%
391,116Albania
70%
201,722Switzerland
70%
431,085Indonesia
67%
141,934Macedonia
67%
491,037Israel
63%
541,001Vietnam
63%
52,479Moldova
62%
102,157Montenegro
62%
321,413Denmark
61%
381,261Cuba
60%
471,039Georgia
59%
12,861Armenia
57%
521,013Syria
57%
112,138Lebanon
55%
161,877Azerbaijan
53%
261,620Cyprus
53%
151,934Kazakhstan
52%
481,038Monaco
51%
371,372Jordan
50%
361,378Malta
49%
231,628Tunisia
49%
441,046Tajikistan
42%
181,812Kuwait
40%
411,106Trinidad and Tobago
16%

Score Distribution

Percentile by Number Answered

Percent of People with Each Score

Your Score History

You have not taken this quiz